Zvýšenie výkonnosti v prepravnej spoločnosti bakalárska práca

Na minha lista:
Detalhes bibliográficos
Autor principal: Timko, Igor
Autor Corporativo: Podnikovohospodárska fakulta EU so sídlom v Košiciach. Katedra hospodárskej informatiky a matematiky
Outros Autores: Tkáč, Michal, 1958-
Formato: Livro
Idioma:eslovaco
Publicado em: Košice 2013
Tags: Adicionar Tag
Sem tags, seja o primeiro a adicionar uma tag!

MARC

LEADER 00000nbm a2200000 4500
001 0176123
005 20170209090022.3
041 0 |a slo 
044 |a SK 
245 1 0 |a Zvýšenie výkonnosti v prepravnej spoločnosti  |b bakalárska práca  |c Igor Timko ; školiteľ: Michal Tkáč 
264 1 |a Košice  |c 2013 
300 |a 62 s. 
100 1 |a Timko, Igor 
700 1 |a Tkáč, Michal, 1958- 
710 2 |a Podnikovohospodárska fakulta EU so sídlom v Košiciach. Katedra hospodárskej informatiky a matematiky